000 00458nam a2200157 i 4500
001 94859
003 ES-MaACL
005 20230906181555.0
007 t|
008 050517s1951 sp ||||1| spa d
100 1 _aLucas, Francisco Javier.
_974528
245 1 0 _aHorizontes juveniles /
_cFrancisco Javier Lucas S. J.
260 _aBilbao :
_bEl Mensajero del Corazón de Jesús,
_c1951.
300 _a220 p. ;
_c18 cm.
852 _aES-MaACL
_jD-8176
_bR.31700
999 _c94859
_d94859